00000000nam 2200000zi 4500
0019.952749
003CaOODSP
00520250821155740
006m     o  d f      
007cr cn|||||||||
008250626e202507##qucbdo  ob   f000 0 fre d
020 |a9780660779539
040 |aCaOODSP|bfre|erda|cCaOODSP
043 |an-cn-qu
0861 |aFs70-6/2025-036F-PDF
24500|aÉvaluation des stocks de concombre de mer des eaux côtières du Québec en 2023.
24617|aÉvaluation des stocks de concombre de mer des eaux côtières du Québec
264 1|aMont-Joli (Québec) : |bSecrétariat canadien des avis scientifiques : |bInstitut Maurice-Lamontagne : |bPêches et océans Canada, Région du Québec, Centre des avis scientifiques (CAS), |cjuillet 2025.
264 4|c©2025
300 |a1 ressource en ligne (14 pages) : |bcartes, graphiques, photographies
336 |atexte|btxt|2rdacontent/fre
337 |ainformatique|bc|2rdamedia/fre
338 |aressource en ligne|bcr|2rdacarrier/fre
4901 |aAvis scientifique, |x1919-5117 ; |v2025/036
500 |aTitre de départ.
500 |aPublié aussi en anglais sous le titre : Assessment of sea cucumber stocks in Quebec's inshore waters in 2023.
504 |aComprend des références bibliographiques (page 13).
520 |a« La pêche au concombre de mer (Cucumaria frondosa) est une activité récente dans l'estuaire et le nord du golfe du Saint-Laurent. Des permis exploratoires ont été émis pour les eaux côtières de la rive nord de la Gaspésie (zones A, B et C) en 2008 et dans les eaux de l'Archipel de Mingan (zone 3). Un permis expérimental à aussi été émis pour les eaux côtières de la Basse-Côte-Nord en 2017. La pêcherie dans les zones B et C est passée à la phase commerciale en 2024. Cette pêche s'effectue soit en plongée, soit à l'aide d'une drague de type LGS modifiée ou d'une drague spécifiquement construite pour le concombre de mer » -- Contexte, page [1].
650 6|aHolothuries|zQuébec (Province)|zGaspésie.
650 6|aTrépang|xPêche commerciale|zQuébec (Province)|zGaspésie.
650 6|aRessources halieutiques|xÉvaluation|zQuébec (Province)|zGaspésie.
7102 |aSecrétariat canadien de consultation scientifique, |eorganisme de publication.
7101 |aCanada. |bMinistère des pêches et des océans. |bRégion du Québec, |eorganisme de publication.
7102 |aInstitut Maurice-Lamontagne, |eorganisme de publication.
77508|tAssessment of sea cucumber stocks in Quebec's inshore waters in 2023.|w(CaOODSP)9.952748
830#0|aAvis scientifique (Secrétariat canadien de consultation scientifique)|x1919-5117 ; |v2025/036.|w(CaOODSP)9.502624
85640|qPDF|s944 Ko|uhttps://publications.gc.ca/collections/collection_2025/mpo-dfo/fs70-6/Fs70-6-2025-036-fra.pdf